[Event "Challenge"]
[Site "http://www.queenalice.com/game.php?id=923367"]
[Date "2011.4.8"]
[Round "-"]
[White "Blackangel"]
[Black "Anonymo"]
[Result "1-0"]
[WhiteElo "1982"]
[BlackElo "1552"]

1. e4 e5 2. f4 d6 3. Nf3 Bg4 4. Bc4 Nf6 5. c3 Nbd7 6. Qb3 Be6 7. Bxe6 fxe6 8.
Qxe6+ Be7 9. fxe5 Nxe5 10. Nxe5 dxe5 11. Qxe5 O-O 12. O-O Ng4 13. Qe6+ Kh8 14.
d4 Rxf1+ 15. Kxf1 Qf8+ 16. Qf5 Qxf5+ 17. exf5 Nxh2+ 18. Kg1 Ng4 19. Bf4 c6 20.
Nd2 Rf8 21. Re1 Bd8 22. g3 h6 23. Kg2 Kh7 24. Kf3 Nf6 25. g4 Re8 26. Rh1 Kg8 27.
g5 hxg5 28. Bxg5 Kf7 29. Nc4 Bc7 30. a4 Ne4 31. Bf4 Bxf4 32. Kxf4 Re7 33. Ne5+
1-0

[Event "Let's Play Chess!"]
[Site "http://www.queenalice.com/game.php?id=944291"]
[Date "2011.5.31"]
[Round "-"]
[White "MarceloPadre"]
[Black "Anonymo"]
[Result "1-0"]
[WhiteElo "2069"]
[BlackElo "1580"]

1. d4 d5 2. c4 c6 3. Nc3 Nf6 4. e3 Bf5 5. Nf3 h6 6. Be2 e6 7. cxd5 exd5 8. O-O
Bd6 9. Ne5 Nbd7 10. f4 Ne4 11. Bd2 O-O 12. Rc1 f6 13. Nd3 Nxd2 14. Qxd2 Bxd3 15.
Bxd3 f5 16. Qe2 g6 17. g4 Kg7 18. gxf5 gxf5 19. Qh5 Qf6 20. Kh1 Qf7 21. Rg1+ Kh7
22. Qh3 Bb4 23. Rg3 Bxc3 24. bxc3 Nb6 25. Rcg1 Rae8 26. Bxf5+ 1-0

[Event "Challenge"]
[Site "http://www.queenalice.com/game.php?id=948509"]
[Date "2011.6.11"]
[Round "-"]
[White "Anonymo"]
[Black "fortunato"]
[Result "0-1"]
[WhiteElo "1578"]
[BlackElo "2110"]

1. Nf3 Nf6 2. g3 e6 3. Bg2 Be7 4. O-O O-O 5. d4 d5 6. Bg5 c5 7. e3 Nc6 8. c3 h6
9. Bxf6 Bxf6 10. dxc5 Qe7 11. Nd4 Qxc5 12. Nxc6 bxc6 13. Nd2 a5 14. Qc2 a4 15.
Rfb1 Ba6 16. Bf1 Bb7 17. a3 Rfd8 18. Nf3 Qe7 19. Rd1 e5 20. Rd2 e4 21. Nd4 Be5
22. Rad1 Qf6 23. Qb1 h5 24. h3 h4 25. g4 c5 26. Nc2 Bc7 27. Bg2 Qe5 28. Ne1 Qh2+
29. Kf1 Ba6+ 30. Re2 Bxe2+ 31. Kxe2 Qg1 32. Qc2 Rab8 33. Rb1 Rd6 34. Qxa4 Rf6
35. f4 g5 36. f5 Bg3 0-1

[Event "Challenge"]
[Site "http://www.queenalice.com/game.php?id=988691"]
[Date "2011.9.23"]
[Round "-"]
[White "Anonymo"]
[Black "rpalmero"]
[Result "0-1"]
[WhiteElo "1576"]
[BlackElo "2001"]

1. e4 c5 2. Nc3 e6 3. Nf3 a6 4. Be2 Qc7 5. e5 Nc6 6. d4 cxd4 7. Nxd4 Qxe5 8.
Nxc6 bxc6 9. O-O Nf6 10. Bf3 d5 11. Re1 Qc7 12. a3 Bb7 13. Bg5 Be7 14. b4 h6 15.
Be3 c5 16. bxc5 Bxc5 17. Bxc5 Qxc5 18. Ne2 O-O 19. Nd4 Rab8 20. g3 Rfc8 21. Qe2
Qxd4 0-1

[Event "Challenge"]
[Site "http://www.queenalice.com/game.php?id=1035521"]
[Date "2012.3.3"]
[Round "-"]
[White "Anonymo"]
[Black "raymund"]
[Result "0-1"]
[WhiteElo "1574"]
[BlackElo "1900"]

1. e4 c5 2. Nf3 d6 3. Bb5+ Bd7 4. Bxd7+ Nxd7 5. c4 Ngf6 6. Nc3 g6 7. O-O Bg7 8.
d3 O-O 9. Bd2 Nh5 10. Qc1 Ndf6 11. Bh6 Ng4 12. Bxg7 Kxg7 13. h3 Ne5 14. Nxe5
dxe5 15. Qe3 Qd4 16. Rad1 f5 17. exf5 Rxf5 18. Qxd4 cxd4 19. Ne4 Rf7 20. g3 Re8
21. b4 Nf6 22. Nxf6 exf6 23. f3 Ra8 24. a4 a5 25. b5 Rc7 26. Rd2 b6 27. Re1 h5
28. h4 Re8 29. Rde2 Kf7 30. f4 Rce7 31. Kf2 exf4 32. Rxe7+ Rxe7 33. Rxe7+ Kxe7
34. gxf4 f5 35. Kf3 Ke6 36. Kg3 Kd6 37. Kf3 Kc5 38. Ke2 Kb4 39. Kd2 Kxa4 40. Kc2
Kb4 41. Kb2 a4 42. Kc2 a3 43. Kb1 g5 44. fxg5 f4 45. g6 f3 46. g7 f2 47. g8=Q
f1=Q+ 48. Ka2 Qe2+ 49. Ka1 Qb2# 0-1

[Event "Challenge"]
[Site "http://www.queenalice.com/game.php?id=1049275"]
[Date "2012.4.15"]
[Round "-"]
[White "Anonymo"]
[Black "adelio"]
[Result "0-1"]
[WhiteElo "1574"]
[BlackElo "1753"]

1. e4 a6 2. Nc3 h6 3. d4 b5 4. a3 g5 5. Be3 e6 6. Bd3 d6 7. Nge2 c6 8. b4 Ra7 9.
d5 c5 10. bxc5 dxc5 11. Nc1 e5 12. Nb3 Nd7 13. O-O Ndf6 14. Be2 Bd6 15. f3 Nh7
16. Nxb5 axb5 17. Bxb5+ Kf8 18. Bxc5 Bxc5+ 19. Nxc5 Qb6 20. c4 Qxc5+ 21. Kh1 Qd6
22. Qb3 Ne7 23. Rfb1 Nf6 24. a4 h5 25. h3 g4 26. Qc3 gxh3 27. gxh3 Bxh3 28. c5
Nxe4 29. fxe4 Bg2+ 30. Kxg2 Qg6+ 31. Kh2 Qxe4 32. d6 Nf5 33. Re1 Qf4+ 34. Kh1
Qh4+ 35. Kg2 Rg8+ 36. Kf1 Qf4+ 37. Ke2 Rg2+ 38. Kd1 f6 39. d7 Qg4+ 40. Kc1 Qf4+
41. Kd1 Ra8 42. c6 Nd4 43. Qb4+ Kf7 44. Bc4+ Kg6 45. c7 Qg4+ 46. Kc1 Rc2+ 47.
Kb1 Qf5 48. c8=Q Rxc4+ 49. Ka2 Qc2+ 50. Ka3 Rxa4+ 51. Qxa4 Rxa4# 0-1

[Event "Let's Play Chess!"]
[Site "http://www.queenalice.com/game.php?id=1055978"]
[Date "2012.5.8"]
[Round "-"]
[White "Anonymo"]
[Black "FerreiraAzevedo"]
[Result "0-1"]
[WhiteElo "1565"]
[BlackElo "2652"]

1. e4 c5 2. Nf3 d6 3. Bb5+ Bd7 4. Bxd7+ Nxd7 5. Nc3 e6 6. O-O a6 7. d4 cxd4 8.
Nxd4 Ngf6 9. Re1 Rc8 10. Be3 Be7 11. h3 b5 12. a3 Ne5 13. Nf3 Nc4 14. Rb1 O-O
15. Bc1 Nxa3 16. bxa3 Rxc3 17. Bb2 Rc8 18. e5 dxe5 19. Nxe5 Qxd1 20. Rexd1 Rxc2
21. Nd7 Rd8 22. Nxf6+ gxf6 23. Rxd8+ Bxd8 24. Bd4 Be7 25. Rb3 Rd2 26. Be3 Rd1+
27. Kh2 Ra1 28. Bd4 Rxa3 29. Rxa3 Bxa3 30. Bxf6 b4 31. Ba1 b3 32. Kg3 b2 33.
Bxb2 Bxb2 34. Kf3 a5 35. Ke2 a4 36. Kd3 a3 37. Kc2 e5 38. Kb3 e4 39. Kc2 Bd4 40.
Kb3 Bxf2 41. Kxa3 e3 0-1

[Event "Challenge"]
[Site "http://www.queenalice.com/game.php?id=1060090"]
[Date "2012.5.15"]
[Round "-"]
[White "Anonymo"]
[Black "pomar"]
[Result "0-1"]
[WhiteElo "1563"]
[BlackElo "2115"]

1. e4 e6 2. d4 d5 3. exd5 exd5 4. Nf3 Bd6 5. Nc3 c6 6. Be3 Qb6 7. Qc1 Ne7 8. Bd3
Bg4 9. Be2 Nd7 10. h3 Bh5 11. O-O O-O-O 12. Re1 Nf5 13. Ne5 Bg6 14. Nxg6 hxg6
15. Bg4 Nf6 16. Bg5 Qxd4 17. Bxf5+ gxf5 18. Bxf6 Qxf6 19. Qd2 Qg6 20. Re2 Rxh3
21. g3 Rdh8 22. Kg2 Rh2+ 23. Kf3 Qg4+ 24. Ke3 Bc5+ 25. Kd3 Qc4# 0-1

[Event "Challenge"]
[Site "http://www.queenalice.com/game.php?id=1062343"]
[Date "2012.5.21"]
[Round "-"]
[White "Anonymo"]
[Black "Enrico64"]
[Result "1-0"]
[WhiteElo "1546"]
[BlackElo "1767"]

1. e4 c5 2. Nf3 e6 3. d4 cxd4 4. Nxd4 Nc6 5. Nc3 a6 6. a3 Nxd4 7. Qxd4 Nf6 8.
Be3 b5 9. Be2 Bb7 10. f3 d5 11. e5 Nd7 12. f4 Bc5 13. Qd2 Rc8 14. Bxc5 Nxc5 15.
Qd4 O-O 16. O-O Qc7 17. Bf3 Rfd8 18. Rad1 Ne4 19. Rd3 Qd7 20. Rfd1 Rc4 21. Qe3
d4 22. Qe2 Nxc3 23. bxc3 Bxf3 24. Qxf3 Qa7 25. Qe4 dxc3+ 26. Kh1 Rxe4 27. Rxd8#
1-0

[Event "Challenge"]
[Site "http://www.queenalice.com/game.php?id=1064047"]
[Date "2012.5.25"]
[Round "-"]
[White "Anonymo"]
[Black "Samaell"]
[Result "0-1"]
[WhiteElo "1571"]
[BlackElo "1646"]

1. e4 e5 2. Nf3 Nc6 3. d3 Nf6 4. Nc3 Bb4 5. Bd2 O-O 6. g3 d5 7. exd5 Nxd5 8. Bg2
Bg4 9. O-O Qf6 10. Ne4 Qe7 11. h3 Bf5 12. Re1 Qe6 13. Neg5 Qe7 14. Nd4 Nxd4 15.
c3 Nxc3 16. bxc3 Bxc3 17. Bxc3 Qxg5 18. h4 Qg6 19. Be4 Rfe8 20. Bxb7 Rad8 21.
Bxd4 Rxd4 22. Be4 Red8 23. Qb3 Bxe4 24. Rxe4 Rxd3 25. Qc4 R8d4 26. Qc6 Qxc6 27.
Rxe5 Rd1+ 28. Rxd1 Rxd1+ 0-1

[Event "Challenge"]
[Site "http://www.queenalice.com/game.php?id=1064148"]
[Date "2012.5.26"]
[Round "-"]
[White "Camy"]
[Black "Anonymo"]
[Result "1-0"]
[WhiteElo "1578"]
[BlackElo "1561"]

1. e4 e5 2. Nf3 d6 3. Bc4 Bg4 4. Nc3 Nf6 5. O-O Bxf3 6. Qxf3 Nbd7 7. Nd5 Be7 8.
Nxf6+ Nxf6 9. Qb3 O-O 10. Qxb7 Rb8 11. Qxa7 Nxe4 12. d3 Nc5 13. Qa5 Nd7 14. Qc3
Nb6 15. Bb3 Bf6 16. Be3 d5 17. d4 Qd6 18. Rfe1 Rfe8 19. a4 exd4 20. Bxd4 Bxd4
21. Rxe8+ Rxe8 22. Qxd4 c5 23. Qd2 c4 24. Ba2 Nxa4 25. Bxc4 Nxb2 26. Bxd5 Qe5
27. c3 Nd3 28. Qxd3 Qe1+ 29. Rxe1 Rxe1+ 30. Qf1 Rxf1+ 31. Kxf1 Kf8 32. c4 Ke7
33. c5 f6 34. Ke2 Kd7 35. f4 h6 36. f5 Kc7 37. Ke3 1-0

[Event "Challenge"]
[Site "http://www.queenalice.com/game.php?id=1064455"]
[Date "2012.5.27"]
[Round "-"]
[White "Enrico64"]
[Black "Anonymo"]
[Result "0-1"]
[WhiteElo "1749"]
[BlackElo "1571"]

1. d4 d5 2. Nf3 Nf6 3. e3 Bg4 4. Bd3 e6 5. Nbd2 Bd6 6. h3 Bxf3 7. Nxf3 Nbd7 8.
O-O O-O 9. Bd2 Re8 10. Ng5 h6 11. Nf3 e5 12. dxe5 Nxe5 13. Nxe5 Bxe5 14. c3 c6
15. f4 Bc7 16. Qf3 Ne4 17. Rad1 f5 18. c4 Nxd2 19. Rxd2 Bb6 20. Re2 Qd6 21. Bxf5
dxc4 22. Rc1 Qf6 23. g4 Re7 24. Rxc4 Rae8 25. Re4 Rxe4 26. Bxe4 Qe6 27. Bxc6
bxc6 28. Kf2 Qxa2 29. Qxc6 Qe6 30. Qf3 Qe4 31. Qg3 Qd3 32. h4 Rc8 33. g5 hxg5
34. hxg5 Rc2 35. Qf3 Qxe2+ 36. Qxe2 Rxe2+ 37. Kxe2 g6 38. e4 Kf7 39. Kf3 Bd4 40.
b3 a5 41. f5 gxf5 42. exf5 Bc3 43. Kg4 Bd4 44. Kh5 Be5 45. Kg4 Bd4 46. Kf4 Bc3
47. Ke4 Bd2 48. g6+ Kf6 49. Kd5 Bc3 50. Kd6 Kxf5 51. Kd5 Kxg6 52. Kc4 Bb4 53.
Kb5 Kf5 54. Ka4 Ke4 55. Kb5 Kd3 56. Ka4 Kc3 0-1

[Event "Challenge"]
[Site "http://www.queenalice.com/game.php?id=1065669"]
[Date "2012.5.29"]
[Round "-"]
[White "Samaell"]
[Black "Anonymo"]
[Result "0-1"]
[WhiteElo "1668"]
[BlackElo "1594"]

1. Nf3 Nf6 2. Nc3 Nc6 3. e4 e5 4. Bb5 d6 5. d4 Bd7 6. d5 Nb8 7. Bg5 Be7 8. Qe2
O-O 9. O-O-O c6 10. Bc4 Bg4 11. h3 Bxf3 12. gxf3 Qc7 13. Rhg1 Rd8 14. Bh6 g6 15.
b3 Nh5 16. Qe3 Bf8 17. Bg5 Re8 18. Rg4 Nd7 19. f4 exf4 20. Bxf4 Nxf4 21. Rxf4
Ne5 22. dxc6 Nxc4 23. bxc4 bxc6 24. Qd4 Bh6 0-1

[Event "Challenge"]
[Site "http://www.queenalice.com/game.php?id=1068276"]
[Date "2012.6.5"]
[Round "-"]
[White "Anonymo"]
[Black "Erychess"]
[Result "0-1"]
[WhiteElo "1613"]
[BlackElo "1826"]

1. e4 e5 2. Nf3 Nc6 3. d3 Nf6 4. Bg5 Be7 5. Nc3 O-O 6. Be2 h6 7. Bh4 Nh7 8. Bxe7
Qxe7 9. Nd5 Qd6 10. O-O Ne7 11. Nxe7+ Qxe7 12. Re1 d6 13. c4 c6 14. b4 f5 15.
exf5 Bxf5 16. Qb3 Be6 17. Qc3 Rf7 18. Bd1 Raf8 19. Bb3 Ng5 20. Nxg5 Qxg5 21. Re2
Bh3 22. f3 Rxf3 23. c5+ Kh8 24. cxd6 Rf2 25. Rae1 Qxg2# 0-1

[Event "Let's Play Chess!"]
[Site "http://www.queenalice.com/game.php?id=1083175"]
[Date "2012.7.16"]
[Round "-"]
[White "Anonymo"]
[Black "FerreiraAzevedo"]
[Result "0-1"]
[WhiteElo "1606"]
[BlackElo "2638"]

1. e4 e5 2. Nf3 Nc6 3. Bc4 Nf6 4. d3 Bc5 5. O-O O-O 6. Bg5 h6 7. Bxf6 Qxf6 8. a3
Ne7 9. Nbd2 d6 10. b4 Bb6 11. a4 a5 12. b5 Ng6 13. g3 Bh3 14. Re1 h5 15. Nb3 Bg4
16. Kg2 h4 17. h3 Bd7 18. d4 exd4 19. Nbxd4 Rac8 20. Nf5 Rcd8 21. N5xh4 Nxh4+
22. gxh4 d5 23. Bd3 dxe4 24. Rxe4 Bf5 25. Rf4 Bxh3+ 26. Kxh3 Qxf4 27. Kg2 Rd6
28. Qd2 Qg4+ 0-1

[Event "Challenge"]
[Site "http://www.queenalice.com/game.php?id=1170358"]
[Date "2013.4.11"]
[Round "-"]
[White "Anonymo"]
[Black "GiulioTorino"]
[Result "1-0"]
[WhiteElo "1604"]
[BlackElo "1714"]

1. e4 e5 2. Nf3 Nc6 3. Bc4 Bc5 4. a3 Nf6 5. Nc3 d6 6. O-O Ng4 7. Qe2 Be6 8. Bxe6
fxe6 9. Nd1 h5 10. c3 Qf6 11. d3 O-O-O 12. Bg5 Qf8 13. Bxd8 Qxd8 14. Ne3 a6 15.
Nxg4 hxg4 16. Nd2 Qg5 17. Rfd1 Re8 18. g3 Rf8 19. Rf1 d5 20. Kg2 d4 21. f3 dxc3
22. bxc3 Qh5 23. fxg4 Qe8 24. Rxf8 Qxf8 25. Rf1 Qd6 26. Rf7 g6 27. Rg7 Bxa3 28.
Rxg6 Bb2 29. Nc4 Qc5 30. Rg8+ Kd7 31. Qxb2 Ne7 32. Rg5 b5 33. Nxe5+ Ke8 34. d4
Qc4 35. Qf2 c5 36. Qf7+ Kd8 37. Rg8+ Nxg8 38. Qd7# 1-0

[Event "Challenge"]
[Site "http://www.queenalice.com/game.php?id=1173385"]
[Date "2013.4.19"]
[Round "-"]
[White "zmanomega"]
[Black "Anonymo"]
[Result "0-1"]
[WhiteElo "1617"]
[BlackElo "1624"]

1. d4 d5 2. e3 Nf6 3. f3 e6 4. Bb5+ c6 5. Bd3 Nbd7 6. Nc3 Bb4 7. Ne2 O-O 8. O-O
Re8 9. a3 Bxc3 10. bxc3 b5 11. e4 dxe4 12. fxe4 Bb7 13. Bg5 h6 14. Bxf6 Nxf6 15.
Ng3 Qa5 16. Qd2 Rad8 17. Ne2 Qb6 18. h3 c5 19. dxc5 Qxc5+ 20. Kh2 Nxe4 21. Qf4
f5 22. Bxe4 Bxe4 23. Rfc1 g5 24. Qg3 f4 25. Nxf4 Rd2 26. Rg1 Qf2 27. Qxf2 Rxf2
28. Rae1 Rxf4 29. Re2 Bd5 30. Rd1 Ref8 31. Kg1 Bc4 32. Rxe6 Bxe6 0-1

[Event "Challenge"]
[Site "http://www.queenalice.com/game.php?id=1177337"]
[Date "2013.5.2"]
[Round "-"]
[White "Dulce"]
[Black "Anonymo"]
[Result "0-1"]
[WhiteElo "1272"]
[BlackElo "1640"]

1. d4 d5 2. Nc3 e6 3. Nf3 Nf6 4. e3 Bb4 5. Bd2 O-O 6. a3 Bxc3 7. Bxc3 Nc6 8. Ne5
Bd7 9. Bd3 Ne4 10. Bxe4 dxe4 11. O-O Nxe5 12. dxe5 Bc6 13. h3 Qxd1 14. Rfxd1
Rfd8 15. Bd4 b6 16. c3 Rd7 17. b4 Bb5 18. a4 Bc4 19. a5 Rad8 20. axb6 axb6 21.
f3 c5 22. bxc5 bxc5 23. Bxc5 Rxd1+ 24. Rxd1 Rxd1+ 25. Kh2 exf3 26. gxf3 Rf1 27.
Kg3 Bd5 28. e4 Bc4 29. Be7 Be2 30. Kf4 Rxf3+ 31. Kg4 Rxc3+ 32. Kf4 Rxh3 33. Bg5
Rf3+ 34. Kg4 Rf5+ 35. Kh4 Rxe5 36. Bf4 Rxe4 37. Kg3 Rxf4 38. Kxf4 h5 39. Kg3 g5
40. Kf2 f5 41. Kxe2 Kf7 0-1

[Event "Let's Play Chess!"]
[Site "http://www.queenalice.com/game.php?id=1640921"]
[Date "2021.1.23"]
[Round "-"]
[White "charles31"]
[Black "Anonymo"]
[Result "1-0"]
[WhiteElo "1809"]
[BlackElo "1665"]

1. e4 e5 2. Nf3 Nc6 3. a3 Nf6 4. Nc3 Bc5 5. Bc4 O-O 6. d3 d6 7. h3 h6 8. Be3
Bxe3 9. fxe3 Bd7 10. d4 Re8 11. d5 Ne7 12. g4 Ng6 13. g5 hxg5 14. Nxg5 a6 15.
Qf3 b5 16. Ba2 Qe7 17. h4 Bg4 18. Qg3 Bh5 19. Rf1 Rf8 20. Kd2 Ng4 21. Ne2 Rab8
22. Rf5 Nf6 23. Qg2 Nxh4 24. Qf2 Nxf5 25. exf5 Ng4 26. Qh4 Nf6 27. Rh1 g6 28.
fxg6 fxg6 29. c3 Ne4+ 30. Nxe4 Qxh4 31. Rxh4 Rf5 32. Bb1 Rf3 33. Ng5 Rf2 34. Bd3
Bxe2 35. Bxe2 Rg2 36. Ne6 g5 37. Rg4 Rxg4 38. Bxg4 Rb7 39. Nxg5 Kg7 40. Bc8 Ra7
41. Kd3 Kf6 42. Ne6 Ra8 43. Bb7 Ra7 44. Bc6 Kf5 45. e4+ Kg4 46. b4 Kf3 47. a4
bxa4 48. Bxa4 Kf2 49. c4 Ke1 50. c5 a5 51. b5 dxc5 52. Nxc5 Kf2 53. Nd7 Kf3 54.
Nxe5+ Kf4 55. Kd4 Rb7 56. Nd3+ Kg5 57. e5 Kf5 58. Nc5 Rb6 59. Nb3 Rg6 60. e6
Rg4+ 61. Kc5 Kf6 62. Nd4 Re4 63. Bb3 Re3 64. b6 Rc3+ 65. Kb5 cxb6 66. Kxb6 Ke7
67. Kxa5 Kd6 68. Nb5+ 1-0

[Event "Challenge"]
[Site "http://www.queenalice.com/game.php?id=1641684"]
[Date "2021.1.27"]
[Round "-"]
[White "Anonymo"]
[Black "jeffcom2f"]
[Result "1-0"]
[WhiteElo "1670"]
[BlackElo "1786"]

1. e4 d5 2. exd5 Qxd5 3. Nc3 Qd8 4. Nf3 e6 5. d4 Nf6 6. Bd3 a6 7. O-O Nc6 8. Be3
Be7 9. a3 O-O 10. Re1 Ng4 11. h3 Nxe3 12. Rxe3 g6 13. Ne5 Qxd4 14. Nxc6 bxc6 15.
Be4 Qc5 16. Ne2 Rd8 17. Qc1 f5 18. Rc3 Qd6 19. Rd3 Qc5 20. Rc3 Qe5 21. Bxc6 Qxe2
22. Bxa8 Rd2 23. Bf3 Qxf2+ 24. Kh1 Bd6 25. Qf1 Qg3 26. Qg1 e5 27. Bd5+ Rxd5 28.
Rxg3 e4 29. Rc3 f4 30. Rd1 Rxd1 31. Qxd1 e3 32. Qf3 Kf7 33. Kg1 1-0

[Event "Challenge"]
[Site "http://www.queenalice.com/game.php?id=1642130"]
[Date "2021.2.1"]
[Round "-"]
[White "Anonymo"]
[Black "clovis"]
[Result "0-1"]
[WhiteElo "1672"]
[BlackElo "2061"]

1. e4 e5 2. Nf3 Nc6 3. Nc3 Nf6 4. d3 Bc5 5. Be2 d6 6. O-O O-O 7. Na4 Bb6 8. Nxb6
axb6 9. h3 Be6 10. Bd2 Qd7 11. Ng5 h6 12. Nxe6 fxe6 13. Be3 Nd4 14. Re1 Qf7 15.
f3 Nh5 16. Bxd4 exd4 17. Rf1 Nf4 18. a3 Qg6 19. Rf2 Nxh3+ 20. Kf1 Nxf2 21. Kxf2
Rf6 22. Qd2 Raf8 23. Rg1 Qg5 24. Qxg5 hxg5 25. g4 d5 26. exd5 exd5 27. Ke1 c5
28. Kd2 Rxf3 29. Bxf3 Rxf3 30. Ke2 Rf4 31. Rg2 b5 32. b3 c4 33. Kd2 Rf1 34. bxc4
dxc4 35. dxc4 bxc4 36. Rg3 c3+ 37. Kd3 Rd1+ 38. Kc4 b5+ 39. Kxb5 d3 40. cxd3 c2
0-1

[Event "Challenge"]
[Site "http://www.queenalice.com/game.php?id=1642132"]
[Date "2021.2.1"]
[Round "-"]
[White "Anonymo"]
[Black "Antonella"]
[Result "1-0"]
[WhiteElo "1670"]
[BlackElo "1002"]

1. e4 e5 2. Nf3 Nc6 3. Nc3 Nf6 4. Bc4 Bc5 5. O-O d6 6. d3 h6 7. h3 a6 8. a3 b5
9. Bd5 Qd7 10. Re1 O-O 11. Be3 Bxe3 12. Rxe3 Re8 13. Re1 Nxd5 14. Nxd5 Bb7 15.
Qd2 Nd4 16. Nxd4 exd4 17. Qb4 c5 18. Qa5 Bxd5 19. exd5 Qb7 20. Rxe8+ Rxe8 21.
Kf1 Ra8 22. Re1 Qxd5 23. Re7 Kh7 24. Qc7 Qh5 25. f3 Rf8 26. Qxd6 Qg5 27. f4 Qh5
28. Re2 Ra8 29. Qe5 Qxe5 30. Rxe5 c4 31. dxc4 bxc4 32. Rd5 Rb8 33. Rxd4 Rxb2 34.
Rxc4 Rb1+ 35. Kf2 Rc1 36. a4 Ra1 37. g4 f6 38. h4 g5 39. h5 Kg7 40. Kf3 Rf1+ 41.
Kg3 gxf4+ 42. Rxf4 Rxf4 43. Kxf4 Kf7 44. Kf5 1-0

[Event "Challenge"]
[Site "http://www.queenalice.com/game.php?id=1642261"]
[Date "2021.2.2"]
[Round "-"]
[White "zmanomega"]
[Black "Anonymo"]
[Result "0-1"]
[WhiteElo "1640"]
[BlackElo "1655"]

1. e4 e5 2. d4 exd4 3. c3 dxc3 4. Bc4 Nc6 5. Nf3 Bb4 6. O-O d6 7. Qd5 Qe7 8. Ng5
Ne5 9. Qb5+ c6 10. Qxb4 Nxc4 11. Qxc4 cxb2 12. Bxb2 Qxg5 13. Re1 f6 14. Ba3 Qe5
15. Nc3 Nh6 16. Bb2 Ng4 17. g3 Qh5 18. h4 Ne5 19. Qa4 Nf3+ 20. Kf1 Nxe1 21. Rxe1
Bh3+ 22. Kg1 Qf3 0-1